[Event "POL-chT 2nd League"]
[Site "Jastrzebia Gora"]
[Date "2019.09.14"]
[Round "8.8"]
[White "Wojdak, Jan"]
[Black "Tatarczany, Piotr"]
[Result "1/2-1/2"]
[WhiteElo "1973"]
[BlackElo "1616"]
[PlyCount "196"]
[EventDate "2019.09.07"]
[EventType "team-swiss"]
[EventRounds "9"]
[EventCountry "POL"]
[SourceTitle "EXT 2020"]
[Source "ChessBase"]
[SourceDate "2019.10.17"]
[SourceVersion "1"]
[SourceVersionDate "2019.10.17"]
[SourceQuality "1"]
[WhiteTeam "Chrobry Gniezno"]
[BlackTeam "Pilzno GKSz Hetman"]
[WhiteTeamCountry "POL"]
[BlackTeamCountry "POL"]

1. e4 c5 2. Nf3 d6 3. d4 cxd4 4. Nxd4 Nf6 5. Nc3 a6 6. f4 Nbd7 7. Nf3 e6 8. a4 Be7 9. Bd3 0-0 10. 0-0 Qc7 11. Kh1 b6 12. Qe1 Bb7 13. Bd2 Nc5 14. b4 Nxd3 15. cxd3 Rac8 16. Rc1 Qd7 17. Qf2 b5 18. axb5 axb5 19. Nd4 Bc6 20. Ra1 Ra8 21. Rfc1 Rxa1 22. Rxa1 Rb8 23. Ra6 Rc8 24. Nxc6 Rxc6 25. Ra7 Rc7 26. Rxc7 Qxc7 27. Nxb5 Ng4 28. Nxc7 Nxf2+ 29. Kg1 Nxd3 30. Na6 Bd8 31. Be3 Nb2 32. Kf2 Nc4 33. Ke2 Kf8 34. Bd4 f6 35. Kd3 d5 36. exd5 exd5 37. Bc5+ Kf7 38. Kd4 Ke6 39. f5+ Kxf5 40. Kxd5 Ne5 41. b5 h5 42. b6 Bxb6 43. Bxb6 Ng4 44. Bg1 g5 45. Nc5 Ne5 46. Ne4 h4 47. Nxf6 Nd3 48. Nh5 Ne1 49. Ng7+ Kg4 50. Ke4 Nxg2 51. Ne8 Nf4 52. Nf6+ Kh3 53. Kf3 Ng2 54. Ne4 g4+ 55. Kf2 g3+ 56. hxg3 hxg3+ 57. Nxg3 Nf4 58. Kf3 Nd5 59. Nf5 Nf6 60. Bf2 Nd7 61. Bg3 Nf6 62. Be5 Nd7 63. Bd4 Kh2 64. Ke4 Kg2 65. Kd5 Kf3 66. Ke6 Ke4 67. Ba7 Nf8+ 68. Kf6 Nd7+ 69. Kg5 Ke5 70. Bf2 Ke4 71. Nd6+ Kd5 72. Ne8 Ke4 73. Bg3 Kf3 74. Bd6 Ke4 75. Nc7 Ne5 76. Kf6 Ng4+ 77. Ke6 Ne3 78. Na6 Nc4 79. Bc5 Ne3 80. Nb4 Nc4 81. Nd5 Nd2 82. Nf6+ Kd3 83. Kd5 Nb3 84. Bb6 Nd2 85. Nd7 Nb3 86. Ne5+ Kc3 87. Bf2 Kc2 88. Kc4 Nd2+ 89. Kb4 Ne4 90. Be3 Nd2 91. Bh6 Ne4 92. Kc4 Nd2+ 93. Kb4 Ne4 94. Ng4 Kd3 95. Bg7 Nd2 96. Bc3 Ne4 97. Be1 Ke2 98. Ne3 Kxe3 1/2-1/2

[Event "POL-chT 2nd League"]
[Site "Jastrzebia Gora"]
[Date "2016.09.07"]
[Round "5.89"]
[White "Rozumek, Krzysztof"]
[Black "Tatarczany, Piotr"]
[Result "1-0"]
[WhiteElo "2010"]
[BlackElo "1528"]
[PlyCount "120"]
[EventDate "2016.09.03"]
[EventType "team-swiss"]
[EventRounds "9"]
[EventCountry "POL"]
[SourceTitle "EXT 2017"]
[Source "ChessBase"]
[SourceDate "2016.10.25"]
[SourceVersion "1"]
[SourceVersionDate "2016.10.25"]
[SourceQuality "1"]
[WhiteTeam "Steszew Lipno"]
[BlackTeam "Pilzno GKSz Hetman"]
[WhiteTeamCountry "POL"]
[BlackTeamCountry "POL"]

1. h3 d5 2. c3 Nf6 3. d4 Bf5 4. Bf4 c6 5. e3 e6 6. Bd3 Bxd3 7. Qxd3 h6 8. Nd2 Bd6 9. Ne2 Bxf4 10. exf4 Nbd7 11. 0-0 0-0 12. Rfe1 Rc8 13. Ng3 Re8 14. Nf3 Qc7 15. Ne5 c5 16. Re2 cxd4 17. Qxd4 a6 18. Rae1 Qc5 19. Qd3 Qc7 20. Nxd7 Qxd7 21. f5 Rc6 22. Qf3 Rcc8 23. Re5 exf5 24. Nxf5 Rxe5 25. Rxe5 Re8 26. Nxh6+ Kf8 27. Ng4 Rxe5 28. Nxe5 Qe6 29. Qe3 b5 30. Qd4 Kg8 31. a3 Ne4 32. Ng4 Kh8 33. Ne3 Nf6 34. f3 Kg8 35. Kf2 Qd6 36. Nf5 Qe6 37. Qf4 g6 38. Nd4 Qb6 39. g4 Kg7 40. Qe5 Kg8 41. h4 a5 42. h5 b4 43. axb4 axb4 44. hxg6 bxc3 45. gxf7+ Kxf7 46. bxc3 Qb2+ 47. Ne2 Qd2 48. Qf5 Kg7 49. Qf4 Qa2 50. Qd4 Kf7 51. Qe5 Qd2 52. Qe3 Qa2 53. Kg3 Qa6 54. Nf4 Qd6 55. Qd4 Qc7 56. g5 Nd7 57. g6+ Kf8 58. Qh8+ Ke7 59. Qg7+ Ke8 60. Qf7+ Kd8 1-0

[Event "POL-chT 2nd League"]
[Site "Jastrzebia Gora"]
[Date "2016.09.05"]
[Round "3.95"]
[White "Koziol, Pawel"]
[Black "Tatarczany, Piotr"]
[Result "1-0"]
[WhiteElo "1855"]
[BlackElo "1528"]
[PlyCount "109"]
[EventDate "2016.09.03"]
[EventType "team-swiss"]
[EventRounds "9"]
[EventCountry "POL"]
[SourceTitle "EXT 2017"]
[Source "ChessBase"]
[SourceDate "2016.10.25"]
[SourceVersion "1"]
[SourceVersionDate "2016.10.25"]
[SourceQuality "1"]
[WhiteTeam "Skoczek Trojanski"]
[BlackTeam "Pilzno GKSz Hetman"]
[WhiteTeamCountry "POL"]
[BlackTeamCountry "POL"]

1. Nf3 Nf6 2. g3 g6 3. Bg2 Bg7 4. c4 c6 5. 0-0 0-0 6. d4 d5 7. cxd5 cxd5 8. Nc3 Nc6 9. Ne5 e6 10. Bf4 a6 11. Rc1 Nxe5 12. Bxe5 Bd7 13. f3 Bc6 14. Qd2 Qb6 15. Bd6 Rfe8 16. Bc5 Qd8 17. a4 b6 18. Ba3 Qd7 19. a5 b5 20. Nd1 Rac8 21. Nf2 Qb7 22. e3 Bf8 23. Bxf8 Rxf8 24. Nd3 Nd7 25. g4 Rfe8 26. f4 Rb8 27. b4 f5 28. h3 Rbc8 29. Qf2 Qb8 30. Qh4 Qd6 31. Bf3 Bb7 32. Qf2 Rxc1 33. Rxc1 Rc8 34. Rxc8+ Bxc8 35. Qb2 Bb7 36. Nc5 Qc6 37. Kg2 Kf7 38. Kg3 Nf6 39. g5 Ne8 40. h4 Nd6 41. h5 Qe8 42. Qc1 Bc8 43. Qh1 Ke7 44. hxg6 hxg6 45. Qh7+ Qf7 46. Qh8 Qf8 47. Qe5 Kd8 48. Nxe6+ Bxe6 49. Qxe6 Ne4+ 50. Bxe4 dxe4 51. Qb6+ Kd7 52. Qa7+ Kc6 53. Qxa6+ Kc7 54. Qb6+ Kc8 55. Qc5+ 1-0

[Event "POL-chT3 Podkarpackie"]
[Site "Czudec"]
[Date "2016.05.27"]
[Round "1.29"]
[White "Zaskalski, Dawid"]
[Black "Tatarczany, Piotr"]
[Result "1-0"]
[WhiteElo "1911"]
[BlackElo "1548"]
[PlyCount "83"]
[EventDate "2016.05.27"]
[EventType "team-tourn"]
[EventRounds "9"]
[EventCountry "POL"]
[SourceTitle "EXT 2018"]
[Source "ChessBase"]
[SourceDate "2017.10.13"]
[SourceVersion "1"]
[SourceVersionDate "2017.10.13"]
[SourceQuality "1"]
[WhiteTeam "Mielec"]
[BlackTeam "Pilzno GKSz Hetman II"]
[WhiteTeamCountry "POL"]
[BlackTeamCountry "POL"]

1. e4 c5 2. c3 Nf6 3. e5 Nd5 4. d4 cxd4 5. cxd4 e6 6. Nc3 Nb6 7. Bd3 Nc6 8. Nf3 Be7 9. 0-0 0-0 10. Re1 d5 11. h4 f5 12. exf6 gxf6 13. a3 a6 14. Ne2 Kh8 15. Ng3 Rg8 16. Qd2 f5 17. Nh5 Rg4 18. Qe2 Qg8 19. g3 Bxh4 20. Nxh4 Rxh4 21. Bf4 Qg6 22. Be5+ Kg8 23. Nf6+ Kf7 24. Rac1 Bd7 25. Kg2 Nxd4 26. Qe3 Nc6 27. Rh1 Rxh1 28. Rxh1 Nxe5 29. Qxe5 h6 30. Nxd7 Nxd7 31. Qc7 Ke7 32. Qxb7 Rb8 33. Qc7 e5 34. Rc1 Rb6 35. Qa7 e4 36. Rc7 Rd6 37. Bxa6 f4 38. Bb5 f3+ 39. Kf1 Qe6 40. Qc5 Kf6 41. Bxd7 Rxd7 42. Rc6 1-0